000 01040nam a22002535i 4500
001 177245
003 ES-MaACL
005 20250910213750.0
008 110310s2006 sp f |||| | spa d
020 _a978-84-96444-68-3
080 _a821.134.1 Català, Víctor (063)
080 _a929 Català, Víctor
111 2 _aJornades d'Estudi sobre la Vida i l'Obra de Caterina Albert "Víctor Català"
_n(3ª.
_d2005.
_cEscala)
_9145530
245 1 0 _aActes de les Terceres Jornades d'Estudi sobre la vida i l'obra de Caterina Albert "Víctor Català"
_b: (en ocasió del centenari de Solitud 1905-2005) /
_ca cura d'Enric Prat i Pep Vila.
260 _a[Girona :
_bCCG],
_c2006.
300 _a397, [3] p. de lám. col. y n. ;
_c21 cm.
546 _aTextos en castellano y catalán.
597 _aEn el lomo: 2.
600 1 4 _aCatalà, Víctor-
_xCongresos y asambleas.
_9145533
700 1 _aPrat, Enric,
_d1955-
_9145531
700 1 _aVila, Pep (
_d1952-)
_9145532
852 _aES-MaACL
_jE-14653
999 _c177245
_d177245